Statystyki dla Dzieła sztuki - quiz obrazkowy #1

Kliknij tutaj aby rozwiązać quiz!

Ogólne statystyki

  • Ten quiz został rozwiązany 245 razy
  • Średni wynik to 6 z 15

Statystyki odpowiedzi

Odpowiedź% Poprawnych
Leonardo da Vinci /
Ostatnia wieczerza
97%
Vincent Van Gogh /
Gwiaździsta noc
82%
Jan Vermeer /
Dziewczyna z perłą
68%
Michelangelo /
Stworzenie Adama
68%
Gustav Klimt /
Pocałunek
67%
Rembrandt /
Straż nocna
44%
Diego Velazquez /
Panny dworskie
38%
Eugène Delacroix/
Wolność wiodąca lud na barykady
37%
Henri Matisse /
Taniec
26%
Hieronim Bosch /
Ogród rozkoszy ziemskich
25%
Peter Paul Rubens /
Wenus i Adonis
24%
Edgar Degas /
Czternastoletnia tancerka
16%
Pierre-Auguste Renoir /
Loża teatralna
15%
Henri de Toulouse-Lautrec /
W Moulin Rouge
13%
James Whistler /
Matka Whistlera
7%

Rozkład punktacji

Percentyl według liczby udzielonych odpowiedzi

Procent ludzi z każdym wynikiem

Twoja historia wyników

Nie rozwiązałeś tego quizu